[Event "Ogolnopolska Olimpiada Mlodziezy C-14"]
[Site "Spala"]
[Date "1899-12-30"]
[Round "1.1"]
[White "Paliszewski, Dominik"]
[Black "Janik, Igor"]
[Result "0-1"]
[WhiteTitle "II"]
[BlackTitle "I++"]
[WhiteElo "1648"]
[BlackElo "2052"]

1. e4 c5 2. Nf3 d6 3. d4 cxd4 4. Qxd4 Bd7 5. c4 Nc6 6. Qe3 Nf6 7. h3 g6 8. Be2
Bg7 9. O-O O-O 10. Rd1 Qc7 11. Nc3 Nb4 12. Rb1 Na6 13. b3 Nc5 14. Nd4 a6 15. f4
e5 16. Nf3 Ncxe4 17. Nxe4 Nxe4 18. Qxe4 Bf5 19. Qd5 Bxb1 20. Ba3 Qb6+ 21. c5 Qa5
22. Rxb1 Qxa3 23. cxd6 Qxa2 24. Re1 exf4 25. Bd3 b5 26. Ng5 Rad8 27. d7 Qb2 28.
Nf3 Qc3 29. Rd1 0-1

[Event "Ogolnopolska Olimpiada Mlodziezy C-14"]
[Site "Spala"]
[Date "1899-12-30"]
[Round "1.2"]
[White "Grela, Kacper"]
[Black "Kubiak, Jakub"]
[Result "1/2-1/2"]
[WhiteTitle "I+"]
[BlackTitle "I"]
[WhiteElo "2025"]
[BlackElo "1646"]

1. e4 c5 2. Nf3 d6 3. d4 cxd4 4. Nxd4 Nf6 5. Nc3 a6 6. f4 e5 7. Nf3 Nbd7 8. a4
Be7 9. Bc4 Qa5 10. Qe2 O-O 11. O-O exf4 12. Bxf4 Ne5 13. Bb3 Bg4 14. Qf2 Rac8
15. Rfe1 Rfe8 16. Nd4 Nc4 17. Bxc4 Rxc4 18. h3 Bd7 19. Nb3 Qd8 20. Rad1 Qc8 21.
Bxd6 Bxd6 22. Rxd6 Rxc3 23. bxc3 Nxe4 24. Rxe4 Rxe4 25. Nc5 Re7 26. Qd4 Be8 27.
Qd5 h6 28. Rd8 Qc7 29. c4 Re5 30. Qd4 Qxc5 31. Qxc5 Rxc5 32. Rxe8+ Kh7 33. Re7
f6 34. Rxb7 Rxc4 35. Ra7 Rxa4 36. c4 Rxc4 37. Rxa6 Rc2 38. Kh2 Rc3 39. Kg1 Rc2
40. Kh2 Rc3 41. Kg1 Rc2 42. Kh2 1/2-1/2

[Event "Ogolnopolska Olimpiada Mlodziezy C-14"]
[Site "Spala"]
[Date "1899-12-30"]
[Round "1.3"]
[White "Raczynski, Krzysztof"]
[Black "Gumularz, Szymon"]
[Result "0-1"]
[WhiteTitle "I"]
[BlackTitle "I++"]
[WhiteElo "1634"]
[BlackElo "2024"]

1. e4 c5 2. Nf3 e6 3. d4 cxd4 4. Nxd4 a6 5. Bd3 Nf6 6. O-O Qc7 7. Qe2 d6 8. c4
g6 9. Nc3 Bg7 10. Kh1 O-O 11. Be3 Nbd7 12. f4 b6 13. Rac1 Bb7 14. b4 Rac8 15.
Nb3 Qb8 16. Bd2 Rfe8 17. a4 Qa8 18. Rfe1 e5 19. Nd5 exf4 20. Qf1 Nxd5 21. cxd5
g5 22. b5 a5 23. Qf2 Rxc1 24. Rxc1 Rc8 25. Rf1 Ne5 26. Be2 f5 27. exf5 Bxd5 28.
Nd4 Qb7 29. h4 h6 30. f6 Bxf6 31. Nf5 Nf7 32. Bh5 Qd7 33. Bxf7+ Kxf7 34. Nxh6+
Kg6 35. hxg5 Bxg5 36. Bxf4 Bxf4 37. Kg1 Bxh6 38. Qg3+ Kh7 39. Qd3+ Kh8 40. Rf6
Qg7 41. Rg6 Rc1+ 42. Kf2 Qf7+ 0-1

[Event "Ogolnopolska Olimpiada Mlodziezy C-14"]
[Site "Spala"]
[Date "1899-12-30"]
[Round "1.4"]
[White "Koziol, Kamil"]
[Black "Choina, Michal"]
[Result "1-0"]
[WhiteTitle "I++"]
[BlackTitle "II"]
[WhiteElo "2005"]
[BlackElo "1627"]

1. e4 c6 2. d4 d5 3. Nc3 dxe4 4. Nxe4 Bf5 5. Ng3 Bg6 6. Nh3 e6 7. Nf4 Bd6 8. Ngh5
Bxf4 9. Nxf4 Ne7 10. c3 Nd7 11. Nxg6 Nxg6 12. g3 Nf6 13. Bg2 Qd7 14. Bg5 Nd5 15.
O-O h6 16. Be3 O-O 17. c4 Nf6 18. Qb3 Ne7 19. Rad1 Rfd8 20. Bd2 Rac8 21. Bc3 Qc7
22. Rfe1 Ng6 23. d5 cxd5 24. Bxf6 gxf6 25. cxd5 e5 26. Bh3 Rb8 27. Qa3 b5 28.
d6 Qb6 29. Qd3 a6 30. Re2 Rb7 31. Rc2 Kg7 32. Rc8 Nf8 33. Qd5 Ra7 34. Rxd8 Qxd8
35. d7 Rc7 36. Qd6 Ra7 37. Qc6 Ne6 38. Bxe6 fxe6 39. Qc8 1-0

[Event "Ogolnopolska Olimpiada Mlodziezy C-14"]
[Site "Spala"]
[Date "1899-12-30"]
[Round "1.5"]
[White "Laszczak, Przemyslaw"]
[Black "Drozdowski, Konrad"]
[Result "0-1"]
[WhiteTitle "II+"]
[BlackTitle "I+"]
[WhiteElo "1625"]
[BlackElo "1967"]

1. d4 d5 2. c4 dxc4 3. e3 e6 4. Bxc4 Nf6 5. Nf3 a6 6. a4 c5 7. O-O Nc6 8. Qe2 Qc7
9. Rd1 Be7 10. Nc3 O-O 11. h3 b6 12. d5 exd5 13. Bxd5 Bb7 14. e4 Rad8 15. e5 Nd4
16. Nxd4 Nxd5 17. Nxd5 Rxd5 18. Nf3 Rxd1+ 19. Qxd1 Bxf3 20. Qxf3 Qxe5 21. Qc3
Qe2 22. Be3 Rd8 23. Qb3 Rd6 24. Bf4 Rf6 25. Be3 h6 26. Rc1 Bd6 27. Qc3 Rg6 28.
Kh1 Qh5 29. Qc4 Qe5 30. g3 Qf5 31. Kg2 a5 32. Rd1 Rf6 33. Qe2 Qe4+ 34. Kh2 Qxa4
35. Rd5 Qe4 36. Qd2 Qe7 37. Qd3 Rg6 38. b3 Qc7 39. Bd2 Qc6 40. h4 Bc7 41. Bf4
Bxf4 42. Rd8+ Kh7 43. h5 Be5 44. f4 Bd4 45. hxg6+ Qxg6 46. Qxg6+ Kxg6 47. Rd6+
f6 48. Rxb6 c4 49. Rb7 c3 50. Rc7 Kf5 51. Rxg7 Ke4 52. Rc7 Kd3 53. Kh3 c2 54.
Kh4 Bc3 55. Rd7+ Ke2 56. Re7+ Kf2 57. Kh5 c1=Q 58. Kxh6 Kxg3 0-1

[Event "Ogolnopolska Olimpiada Mlodziezy C-14"]
[Site "Spala"]
[Date "1899-12-30"]
[Round "1.6"]
[White "Walter, Szymon"]
[Black "Szustakowski, Antoni"]
[Result "1/2-1/2"]
[WhiteTitle "I+"]
[BlackTitle "II"]
[WhiteElo "1942"]
[BlackElo "1621"]

1. e4 c5 2. Nc3 Nc6 3. f4 g6 4. Nf3 Bg7 5. Bb5 d6 6. O-O e6 7. Bxc6+ bxc6 8. d3
Ne7 9. Qe1 O-O 10. Qh4 d5 11. Bd2 Ba6 12. Rfd1 c4 13. dxc4 dxe4 14. Nxe4 Nf5 15.
Qxd8 Rfxd8 16. Ne5 Bxc4 17. Bc3 Rxd1+ 18. Rxd1 Bd5 19. Ng3 Ne3 20. Rd2 Nc4 21.
Re2 Nxe5 22. fxe5 c5 23. Ne4 Bxe4 24. Rxe4 Rd8 25. Kf2 Kf8 26. b3 Ke8 27. Ke2
Rd5 28. Bb2 Bh6 29. Bc3 Bg7 30. g4 h6 31. Bb2 Ke7 32. c4 Rd7 33. Re3 f6 34. Rd3
f5 35. gxf5 gxf5 36. Rd6 Rc7 37. Ke3 Bf8 38. Kf4 Kf7 39. Rd3 Be7 40. Bc3 Bg5+
41. Kf3 Ke7 42. Be1 Rd7 43. Rxd7+ Kxd7 44. h4 Bc1 45. h5 Bg5 46. Bg3 Kc6 47. Bf2
a5 1/2-1/2

[Event "Ogolnopolska Olimpiada Mlodziezy C-14"]
[Site "Spala"]
[Date "1899-12-30"]
[Round "1.7"]
[White "Miasik, Adrian"]
[Black "Karpus, Michal"]
[Result "0-1"]
[WhiteTitle "II"]
[BlackTitle "I+"]
[WhiteElo "1594"]
[BlackElo "1902"]

1. d4 Nf6 2. c4 g6 3. Nf3 Bg7 4. Nc3 O-O 5. e4 d6 6. Be2 e5 7. dxe5 dxe5 8. Qxd8
Rxd8 9. Bg5 Re8 10. O-O c6 11. Rfd1 Na6 12. h3 Nc5 13. Nd2 a5 14. Be3 Ne6 15.
Nb3 Bf8 16. Bf3 a4 17. Nc1 Bc5 18. Bxc5 Nxc5 19. Nd3 Nxd3 20. Rxd3 Be6 21. Rd6
Kf8 22. Be2 Ke7 23. Rad1 Nd7 24. R6d3 Nb6 25. b3 axb3 26. axb3 Ra3 27. Nb1 Ra2
28. Nc3 Rb2 29. Rb1 Rxb1+ 30. Nxb1 Ra8 31. Nc3 Ra3 32. c5 Nd7 33. b4 Rb3 34. Nd5+
Bxd5 35. exd5 Rxb4 36. dxc6 bxc6 37. Rd6 Nb8 38. Kh2 Rd4 39. Rxd4 exd4 40. Kg1
Nd7 41. Bf3 Ne5 42. Bd1 Nd3 43. Ba4 Kd7 44. Bb3 f5 45. Bg8 Ke7 46. h4 h5 47. Bc4
Nxc5 48. Kf1 Ne6 49. Ke2 Nf4+ 50. Kf3 Nd5 51. Bxd5 cxd5 52. Ke2 Kd6 53. f4 d3+
54. Kxd3 Kc5 55. Kc3 d4+ 56. Kd3 Kd5 57. g3 Kc5 58. Kd2 Kc4 59. Kc2 d3+ 60. Kd2
Kd4 0-1

[Event "Ogolnopolska Olimpiada Mlodziezy C-14"]
[Site "Spala"]
[Date "1899-12-30"]
[Round "1.8"]
[White "Chylewski, Patryk"]
[Black "Modlich, Kacper"]
[Result "1-0"]
[WhiteTitle "I+"]
[BlackTitle "II+"]
[WhiteElo "1899"]
[BlackElo "1592"]

1. d4 d5 2. c4 e6 3. Nc3 Nf6 4. Bg5 c6 5. e3 Nbd7 6. Nf3 Be7 7. Bd3 dxc4 8. Bxc4
b5 9. Bd3 Bb7 10. O-O O-O 11. Rc1 a6 12. a4 b4 13. Ne4 Nxe4 14. Bxe7 Nxf2 15.
Bxh7+ Kh8 16. Rxf2 Qxe7 17. Be4 Rac8 18. Ne5 Nf6 19. Nxc6 Bxc6 20. Bxc6 g6 21.
Qf3 Kg7 22. Rfc2 Rc7 23. Qe2 Qd6 24. Bf3 Rfc8 25. Qd2 a5 26. Be2 Nd5 27. Bc4 Nf6
28. Qe2 e5 29. d5 Nxd5 30. Qd3 Rd8 31. Rd2 Rc6 32. Rcd1 Rxc4 33. Qxc4 1-0

[Event "Ogolnopolska Olimpiada Mlodziezy C-14"]
[Site "Spala"]
[Date "1899-12-30"]
[Round "1.9"]
[White "Poplawski, Maciej"]
[Black "Woloch, Oskar"]
[Result "0-1"]
[WhiteTitle "II"]
[BlackTitle "I+"]
[WhiteElo "1591"]
[BlackElo "1892"]

1. d4 c5 2. d5 e5 3. e4 d6 4. Nc3 Be7 5. Nf3 a6 6. a4 Bg4 7. h3 Bxf3 8. Qxf3 Bg5
9. Qg3 Bxc1 10. Rxc1 Qf6 11. Be2 Ne7 12. O-O Ng6 13. Qg4 O-O 14. g3 Qe7 15. f4
exf4 16. gxf4 Nd7 17. Bd3 Rac8 18. e5 dxe5 19. Bxg6 hxg6 20. Rfe1 c4 21. d6 Qxd6
22. Kh1 Qc6+ 23. Kh2 Nf6 24. Qg5 exf4 25. Qxf4 Nd5 26. Nxd5 Qxd5 27. Rcd1 Qc6
28. Re7 Rce8 29. Rdd7 Rxe7 30. Rxe7 Qxa4 31. b3 Qb4 32. Re4 g5 33. Rxc4 Qe7 34.
Qg4 Rd8 35. Rc8 Qd6+ 36. Kg1 Qb6+ 37. Kg2 Rxc8 38. Qxc8+ Kh7 39. Qf5+ Qg6 40.
Qf2 Qe4+ 41. Kg1 Kg6 42. Qb6+ f6 43. Qc5 Qf5 44. Qc3 b5 45. Qc6 Qe5 46. Qxa6 Qg3+
47. Kf1 Qxh3+ 48. Ke2 b4 49. Qc4 Qh2+ 50. Kd1 Qd6+ 51. Ke2 f5 52. Qc8 g4 53. Ke3
Kg5 54. Qb7 Qe5+ 55. Kf2 Qd4+ 56. Kf1 g6 57. Qe7+ Kf4 58. Qe2 g3 59. Qc4 Qxc4+
60. bxc4 Ke4 0-1

[Event "Ogolnopolska Olimpiada Mlodziezy C-14"]
[Site "Spala"]
[Date "1899-12-30"]
[Round "1.10"]
[White "Zaleski, Lukasz"]
[Black "Sulkowski, Andrzej"]
[Result "1-0"]
[WhiteTitle "I"]
[BlackTitle "II+"]
[WhiteElo "1876"]
[BlackElo "1585"]

1. Nf3 e6 2. g3 d5 3. Bg2 Nf6 4. O-O c5 5. d3 Nc6 6. Nbd2 b6 7. e4 Bb7 8. e5 Nd7
9. Re1 Be7 10. c3 Qc7 11. Qe2 O-O-O 12. Nf1 Rdg8 13. h4 h6 14. N1h2 Nd8 15. Ng4
h5 16. Ngh2 Nf8 17. Bh3 Nh7 18. d4 g5 19. hxg5 Nxg5 20. Nxg5 Bxg5 21. Bxg5 Rxg5
22. Nf3 Rg7 23. Nh4 Qe7 24. Kh2 cxd4 25. cxd4 Kb8 26. Qd2 Rgg8 27. Rac1 Nc6 28.
Rc3 Rc8 29. Rec1 Rc7 30. Nf3 Rcc8 31. Bf1 f5 32. Bb5 Na5 33. b3 Rxc3 34. Rxc3
a6 35. Be2 Ka7 36. Qc1 Nc6 37. Rxc6 Bxc6 38. Qxc6 Rf8 39. Ng5 f4 40. Kg2 Qxg5
41. Qc7+ Ka8 42. Bxa6 f3+ 43. Kh2 Rb8 44. Bb5 Rb7 45. Bc6 1-0

[Event "Ogolnopolska Olimpiada Mlodziezy C-14"]
[Site "Spala"]
[Date "1899-12-30"]
[Round "1.11"]
[White "Trendowski, Michal"]
[Black "Kowalski, Igor"]
[Result "0-1"]
[WhiteTitle "II+"]
[BlackTitle "I"]
[WhiteElo "1582"]
[BlackElo "1852"]

1. e4 c5 2. Nf3 e6 3. d4 cxd4 4. Nxd4 a6 5. Nc3 b5 6. Be2 Bb7 7. Bf3 Qc7 8. O-O
d6 9. Qd3 Nd7 10. Bd2 Ne5 11. Qe2 Nc4 12. Rae1 Nf6 13. Bg5 Be7 14. Bh5 O-O 15.
f4 Nxh5 16. Bxe7 Nxf4 17. Rxf4 Qxe7 18. Qh5 g6 19. Qh6 f6 20. Rg4 Ne5 21. Rh4
Rf7 22. Nce2 g5 23. Rh3 Rg7 24. Ng3 Bc8 25. Rf1 Rg6 26. Qh5 g4 27. Rh4 Qg7 28.
Ngf5 exf5 29. exf5 Rg5 30. Qe8+ Qf8 31. Qxf8+ Kxf8 32. Rxh7 Nf7 33. Re1 Bxf5 0-1

[Event "Ogolnopolska Olimpiada Mlodziezy C-14"]
[Site "Spala"]
[Date "1899-12-30"]
[Round "1.12"]
[White "Janiszewski, Filip"]
[Black "Holownia, Michal"]
[Result "1-0"]
[WhiteTitle "I"]
[BlackTitle "II"]
[WhiteElo "1824"]
[BlackElo "1576"]

1. e4 e5 2. Nf3 Nc6 3. Bc4 Bc5 4. c3 Nf6 5. d3 d6 6. O-O h6 7. Nbd2 O-O 8. h3 Ne7
9. Re1 Ng6 10. Nf1 c6 11. Bb3 Nh7 12. d4 Bb6 13. Ng3 exd4 14. cxd4 Nh4 15. Be3
Ba5 16. Nxh4 Qxh4 17. Re2 Bc7 18. Qd3 Nf6 19. Bc2 Nh5 20. e5 g6 21. Nxh5 Qxh5
22. Bf4 Bf5 23. Qd1 Bxc2 24. Rxc2 Qh4 25. Qd2 dxe5 26. Bxh6 Rfe8 27. d5 Bb6 28.
dxc6 bxc6 29. Be3 Rad8 30. Qe2 Qe4 31. Rc4 Qd5 32. Rac1 Bxe3 33. Qxe3 a5 34. a3
Qb5 35. Qc3 Rb8 36. Rc2 Rbd8 37. a4 Rd1+ 38. Kh2 Qd5 39. Rxc6 Rd3 40. Qc4 Qd4
41. Rxg6+ Kh8 42. Qxf7 Qf4+ 43. Qxf4 exf4 44. Rg5 1-0

[Event "Ogolnopolska Olimpiada Mlodziezy C-14"]
[Site "Spala"]
[Date "1899-12-30"]
[Round "1.13"]
[White "Mendak, Mateusz"]
[Black "Klepek, Witold"]
[Result "0-1"]
[WhiteTitle "II"]
[BlackTitle "I"]
[WhiteElo "1575"]
[BlackElo "1815"]

1. e4 c5 2. Nf3 e6 3. d4 cxd4 4. Nxd4 Nf6 5. Nc3 Nc6 6. a3 Qa5 7. Nb3 Qc7 8. Be3
a6 9. Be2 Be7 10. O-O b5 11. f4 d6 12. Bf3 Bb7 13. Qe2 Rd8 14. Rad1 O-O 15. Qf2
Qb8 16. Kh1 b4 17. axb4 Nxb4 18. Na5 Ba8 19. g4 d5 20. e5 Nxg4 21. Bxg4 d4+ 22.
Bf3 dxe3 23. Qe2 Rxd1 24. Nxd1 Nd5 0-1

[Event "Ogolnopolska Olimpiada Mlodziezy C-14"]
[Site "Spala"]
[Date "1899-12-30"]
[Round "1.14"]
[White "Lukasiewicz, Krzysztof"]
[Black "Gaj, Szymon"]
[Result "1-0"]
[WhiteTitle "I"]
[BlackTitle "II+"]
[WhiteElo "1803"]
[BlackElo "1544"]

1. e4 c5 2. Nf3 d6 3. d4 cxd4 4. Nxd4 Nf6 5. Nc3 g6 6. Bc4 Bg7 7. O-O O-O 8. Re1
Nc6 9. h3 Qb6 10. Nf3 Na5 11. Bb3 Nxb3 12. axb3 Bd7 13. Bg5 Bc6 14. Nd5 Bxd5 15.
exd5 Qc7 16. Qd2 Rfe8 17. c3 a6 18. Rad1 Rad8 19. Bh6 Bh8 20. Ng5 Qd7 21. Qe3
Bg7 22. Bxg7 Kxg7 23. Qd4 Kg8 24. Qh4 Kg7 25. Rd3 h5 26. Rf3 Qb5 27. c4 Qa5 28.
Re2 Rd7 29. Qd4 Qd8 30. Qc3 Rf8 31. Ne4 Re8 32. Nxf6 exf6 33. Rxe8 Qxe8 34. Qxf6+
Kg8 35. Re3 Qf8 36. g4 hxg4 37. hxg4 Qg7 38. Re8+ Kh7 39. Qh4+ Qh6 40. Rh8+ 1-0

[Event "Ogolnopolska Olimpiada Mlodziezy C-14"]
[Site "Spala"]
[Date "1899-12-30"]
[Round "1.15"]
[White "Krawczyk, Piotr"]
[Black "Bilczewski, Kacper"]
[Result "1/2-1/2"]
[WhiteTitle "II+"]
[BlackTitle "I"]
[WhiteElo "1513"]
[BlackElo "1801"]

1. d4 d5 2. c4 c6 3. Nc3 Nf6 4. Bg5 e6 5. e3 Nbd7 6. Nf3 Qa5 7. Bxf6 Nxf6 8. a3
Ne4 9. Qc2 Nxc3 10. Qxc3 Qxc3+ 11. bxc3 b6 12. cxd5 cxd5 13. Bb5+ Bd7 14. Bxd7+
Kxd7 15. Ne5+ Ke8 16. Kd2 Bd6 17. f4 Rc8 18. Rhc1 Ke7 19. Kd3 Bxe5 20. fxe5 Rc4
21. e4 Rhc8 22. exd5 exd5 23. Rab1 R8c6 24. Rb4 Ke6 25. g4 a6 26. Rxc4 Rxc4 27.
Rb1 b5 28. h4 Ra4 29. Ra1 Ke7 30. Ra2 Ke6 31. Ra1 Kd7 32. Kc2 Ke7 33. Kb3 Ke6
34. Ra2 Ke7 35. Ra1 Ke6 36. Ra2 Ke7 37. Ra1 Kd7 38. Rf1 Ke6 39. Rf2 Rc4 40. Ra2
Ra4 41. Ra1 Rc4 42. Ra2 Ra4 1/2-1/2

[Event "Ogolnopolska Olimpiada Mlodziezy C-14"]
[Site "Spala"]
[Date "1899-12-30"]
[Round "1.16"]
[White "Sernecki, Franciszek"]
[Black "Pietras, Daniel"]
[Result "1-0"]
[WhiteTitle "I"]
[BlackTitle "II+"]
[WhiteElo "1773"]
[BlackElo "1509"]

1. e4 c5 2. Nf3 Nc6 3. d4 cxd4 4. Nxd4 g6 5. Nc3 Bg7 6. Nxc6 bxc6 7. Bc4 d6 8.
O-O Nf6 9. e5 dxe5 10. Qxd8+ Kxd8 11. Re1 e6 12. Rxe5 Nd5 13. Re2 Nxc3 14. bxc3
Bxc3 15. Rb1 Re8 16. Re3 Bg7 17. Rd3+ Kc7 18. Bf4+ e5 19. Bd2 a5 20. Be3 Rb8 21.
Rxb8 Kxb8 22. Bc5 Be6 23. Bxe6 Rxe6 24. Rd8+ Kc7 25. Ra8 Kd7 26. Ra7+ Ke8 27.
Rxa5 e4 28. g3 h5 29. Ra8+ Kd7 30. Ra7+ Ke8 31. a4 Bc3 32. Bb6 Re7 33. Ra8+ Kd7
34. a5 Re5 35. a6 Ba5 36. Bd4 Rd5 37. a7 Rxd4 38. Rg8 e3 39. a8=Q Rd1+ 40. Kg2
Bb6 41. Qc8+ Kd6 42. Rd8+ Bxd8 43. Qxd8+ Ke6 44. Qxd1 Kd5 1-0

[Event "Ogolnopolska Olimpiada Mlodziezy C-14"]
[Site "Spala"]
[Date "1899-12-30"]
[Round "1.17"]
[White "Filewicz, Radoslaw"]
[Black "Wyczling, Bartosz"]
[Result "0-1"]
[WhiteTitle "I"]
[BlackTitle "I"]
[WhiteElo "1508"]
[BlackElo "1747"]

1. Nf3 c5 2. g3 Nc6 3. Bg2 e5 4. e4 g6 5. d3 Bg7 6. O-O Nge7 7. c3 O-O 8. Nbd2
d6 9. Re1 Kh8 10. Nf1 f5 11. exf5 gxf5 12. Ng5 Qe8 13. f4 h6 14. Nf3 Be6 15. N1d2
Rd8 16. Qe2 Qf7 17. a3 Ng6 18. fxe5 dxe5 19. h3 Qd7 20. Bf1 Bd5 21. Kh2 Rde8 22.
Bg2 e4 23. dxe4 fxe4 24. Ng1 Nce5 25. Rf1 Rxf1 26. Nxf1 Bc4 27. Qd2 Bd3 28. Qd1
Qf7 29. Be3 b6 30. Nd2 Nd7 31. Qh5 Nf6 32. Qf5 Ne7 33. Qf2 Ned5 34. Nf1 Qh5 35.
Qd2 Bxf1 36. Bxf1 Ng4+ 37. Kh1 Ngxe3 38. Be2 Qe5 39. Bb5 Rf8 40. c4 Qxg3 41. cxd5
Rf2 0-1

[Event "Ogolnopolska Olimpiada Mlodziezy C-14"]
[Site "Spala"]
[Date "1899-12-30"]
[Round "1.18"]
[White "Wrobel, Michal"]
[Black "Tokarz, Krzysztof"]
[Result "0-1"]
[WhiteTitle "I"]
[BlackTitle "II"]
[WhiteElo "1746"]
[BlackElo "1498"]

1. d4 d5 2. c4 e6 3. cxd5 exd5 4. Qc2 Bd6 5. Nc3 Ne7 6. Nf3 c6 7. e3 Bf5 8. Bd3
Bxd3 9. Qxd3 Nd7 10. Bd2 Qc7 11. O-O O-O 12. a3 Ng6 13. b4 Nf6 14. Rab1 a6 15.
Rfc1 Qe7 16. Na4 Ne4 17. Nc5 Rab8 18. Qb3 Nh4 19. Nxe4 Qxe4 20. Nxh4 Qxh4 21.
g3 Qe4 22. Qc2 f5 23. f4 Rf7 24. Qxe4 fxe4 25. a4 Rc7 26. Kg2 g6 27. g4 Kf7 28.
h4 Kf6 29. Kh3 h6 30. Rf1 h5 31. gxh5 gxh5 32. Rg1 Rg7 33. Rxg7 Kxg7 34. Rg1+
Kh7 35. Rg5 Kh6 36. Be1 Rf8 37. Rg2 b6 38. Rb2 Rg8 39. Kh2 Kg6 40. Rc2 Rc8 41.
Rg2+ Kh6 42. Rg5 Be7 43. Re5 Bf6 44. Re6 Kg6 45. Rd6 Kf5 46. Kh3 b5 47. a5 Rc7
48. Bd2 Kg6 49. Be1 Kg7 50. f5 Be7 51. Rg6+ Kf7 52. Kg3 Rc8 53. Kh2 Bf6 0-1

[Event "Ogolnopolska Olimpiada Mlodziezy C-14"]
[Site "Spala"]
[Date "1899-12-30"]
[Round "1.19"]
[White "Bakalarczyk, Jakub"]
[Black "Szmer, Aleksander"]
[Result "0-1"]
[WhiteTitle "II"]
[BlackTitle "I"]
[WhiteElo "1442"]
[BlackElo "1732"]

1. d4 Nf6 2. c4 e5 3. e3 exd4 4. exd4 d5 5. Nc3 Bb4 6. Bg5 Qe7+ 7. Qe2 Qxe2+ 8.
Bxe2 Ne4 9. Bd2 Nxd2 10. Kxd2 Nc6 11. Nf3 Bg4 12. Rhe1 O-O-O 13. Ne5 Nxe5 14.
dxe5 Bxe2 15. Rxe2 d4 16. a3 0-1

[Event "Ogolnopolska Olimpiada Mlodziezy C-14"]
[Site "Spala"]
[Date "1899-12-30"]
[Round "1.20"]
[White "Miszkielo, Bartosz"]
[Black "Hrymowicz, Artur"]
[Result "1-0"]
[WhiteTitle "I"]
[BlackTitle "II"]
[WhiteElo "1707"]
[BlackElo "1425"]

1. e4 c5 2. Nf3 Nc6 3. d4 cxd4 4. Nxd4 Nf6 5. Nc3 d6 6. Bc4 e6 7. Be3 Be7 8. Qe2
a6 9. O-O-O Qc7 10. Nxc6 Qxc6 11. Bf4 O-O 12. e5 dxe5 13. Bxe5 b5 14. Bd3 Bb7
15. Bxf6 Bxf6 16. Ne4 Be7 17. h4 b4 18. Qh5 f5 19. Ng5 h6 20. Nf3 Bf6 21. Rh3
Rac8 22. Kb1 Rfd8 23. Ne1 a5 24. Rg3 Kh8 25. Rg6 Kh7 26. g4 Ba6 27. gxf5 Bxd3
28. cxd3 Rxd3 29. Rxh6+ gxh6 30. Qg6+ Kh8 31. Qxf6+ Kg8 32. Qg6+ Kf8 33. Qxh6+
Kg8 34. Rxd3 Kf7 35. fxe6+ Ke8 36. Qg6+ Ke7 37. Qh5 1-0

[Event "Ogolnopolska Olimpiada Mlodziezy C-14"]
[Site "Spala"]
[Date "1899-12-30"]
[Round "1.21"]
[White "Urbanski, Wojciech"]
[Black "Tamon, Radoslaw"]
[Result "1/2-1/2"]
[WhiteTitle "II"]
[BlackTitle "I"]
[WhiteElo "1400"]
[BlackElo "1707"]

1. e4 e6 2. d4 d5 3. Nd2 c5 4. Ngf3 Nc6 5. c3 cxd4 6. cxd4 dxe4 7. Nxe4 Be7 8.
a3 Nf6 9. Nxf6+ Bxf6 10. Be3 O-O 11. Be2 Ne7 12. O-O Nd5 13. Bc4 a6 14. Qb3 Nxe3
15. fxe3 b5 16. Bd3 Bb7 17. Qc2 g6 18. Be4 Rc8 19. Qb1 Bd5 20. Bxd5 Qxd5 21. Qd3
Qc4 22. Qxc4 Rxc4 23. Rac1 Rfc8 24. Rxc4 Rxc4 25. Nd2 Rc2 26. Ne4 Be7 27. Rf2
Rc1+ 28. Rf1 Rc2 29. Rf2 Rc1+ 30. Rf1 Rc8 31. g3 f5 32. Nc3 Bxa3 33. Nxb5 axb5
34. bxa3 Rc3 35. Kf2 Rxa3 36. Rb1 Ra2+ 37. Kg1 Re2 38. Rb3 g5 39. g4 fxg4 40.
Rxb5 Rxe3 41. Rxg5+ Kf7 1/2-1/2

[Event "Ogolnopolska Olimpiada Mlodziezy C-14"]
[Site "Spala"]
[Date "1899-12-30"]
[Round "1.22"]
[White "Leskiewicz, Ignacy"]
[Black "Rak, Maciej"]
[Result "1-0"]
[WhiteTitle "I"]
[BlackTitle "II"]
[WhiteElo "1685"]
[BlackElo "1395"]

1. e4 c5 2. Nf3 a6 3. d4 cxd4 4. Nxd4 Nf6 5. Nc3 e5 6. Nb3 Bb4 7. Bd3 h6 8. Bd2
O-O 9. O-O b5 10. a3 Be7 11. Qe1 d6 12. f3 Be6 13. Be3 Nc6 14. Qf2 Rc8 15. a4
b4 16. Na2 Ra8 17. Rfd1 Qc8 18. Nac1 d5 19. Bc5 d4 20. Bxe7 Nxe7 21. h3 Nd7 22.
f4 f6 23. Qd2 Nc6 24. Ne2 Rd8 25. fxe5 fxe5 26. Rf1 Rf8 27. Ng3 Kh8 28. Rf2 Rxf2
29. Qxf2 Ne7 30. Nd2 a5 31. Nf5 Bxf5 32. exf5 Nf6 33. Re1 Qc7 34. Nf3 Nc6 35.
Qg3 Re8 36. Bb5 Nd7 37. Qg6 Nf6 38. Bxc6 Qxc6 39. Nxe5 d3 40. Nxd3 Rxe1+ 41. Nxe1
Qxa4 42. Qg3 Qb5 43. Qd3 Qc5+ 44. Kh1 Qe5 45. Qd8+ Kh7 46. Nd3 Qxf5 47. Qd4 Ne4
48. Qe3 Nf6 49. Qf3 Qc8 50. Qe2 Qc4 51. b3 Qc6 52. Ne5 Qe6 53. Qd3+ Kg8 54. Qc4
Qd5 55. Qxd5+ Nxd5 56. Nc4 Kf7 57. Kg1 Nc3 58. Kf2 Nb5 59. Ke3 Na3 60. Kd3 Ke6
61. Nxa5 Kd5 1-0

[Event "Ogolnopolska Olimpiada Mlodziezy C-14"]
[Site "Spala"]
[Date "1899-12-30"]
[Round "1.23"]
[White "Karwat, Szymon"]
[Black "Blocinski, Maciej"]
[Result "1/2-1/2"]
[WhiteTitle "II"]
[BlackTitle "I"]
[WhiteElo "1379"]
[BlackElo "1665"]

1. e4 e5 2. Nf3 Nc6 3. Bb5 a6 4. Ba4 Nf6 5. O-O b5 6. Bb3 Be7 7. Nc3 d6 8. h3 O-O
9. a3 Be6 10. d4 exd4 11. Nxd4 Nxd4 12. Qxd4 c5 13. Qe3 Re8 14. Bxe6 fxe6 15.
f4 d5 16. Qf3 b4 17. axb4 cxb4 18. e5 bxc3 19. exf6 Bxf6 20. bxc3 Qc7 21. Bd2
d4 22. Ra3 dxc3 23. Be3 Qd6 24. Rfa1 e5 25. fxe5 Qxe5 26. Bf2 Qe4 27. Qxe4 Rxe4
28. Rxa6 Rxa6 29. Rxa6 Rb4 30. Re6 Rb5 31. Kf1 Rd5 32. Be1 Kf7 33. Re3 Rd1 34.
Ke2 Rc1 35. Kd3 Rd1+ 36. Ke2 Rc1 37. Kd3 Rd1+ 38. Ke2 Rc1 39. Kd3 Rd1+ 40. Ke2
Rc1 1/2-1/2

[Event "Ogolnopolska Olimpiada Mlodziezy C-14"]
[Site "Spala"]
[Date "1899-12-30"]
[Round "2.1"]
[White "Janik, Igor"]
[Black "Janiszewski, Filip"]
[Result "1-0"]
[WhiteTitle "I++"]
[BlackTitle "I"]
[WhiteElo "2052"]
[BlackElo "1824"]

1. e4 c5 2. Nf3 d6 3. d4 cxd4 4. Nxd4 Nf6 5. Nc3 a6 6. g3 Bd7 7. Bg2 Nc6 8. O-O
e6 9. Be3 Be7 10. f4 Qc7 11. Nb3 Na5 12. e5 dxe5 13. fxe5 Nc4 14. exf6 Nxe3 15.
Qd4 Nxf1 16. fxe7 Nxg3 17. hxg3 Kxe7 18. Rd1 Rhd8 19. Qb4+ Ke8 20. Ne4 Bc6 21.
Nd6+ Rxd6 22. Qxd6 Qxd6 23. Rxd6 Ke7 24. Rd4 Rd8 25. Bxc6 bxc6 26. Rxd8 Kxd8 27.
Nc5 Kc7 28. Nxa6+ Kb6 29. Nb4 e5 30. Kf2 f5 31. Ke3 Kc5 32. Nd3+ Kd5 33. a4 g5
34. a5 f4+ 35. gxf4 exf4+ 36. Nxf4+ gxf4+ 37. Kxf4 c5 38. b3 Kc6 39. c3 Kb5 40.
b4 1-0

[Event "Ogolnopolska Olimpiada Mlodziezy C-14"]
[Site "Spala"]
[Date "1899-12-30"]
[Round "2.2"]
[White "Gumularz, Szymon"]
[Black "Klepek, Witold"]
[Result "1-0"]
[WhiteTitle "I++"]
[BlackTitle "I"]
[WhiteElo "2024"]
[BlackElo "1815"]

1. d4 Nf6 2. c4 c5 3. d5 e5 4. Nc3 d6 5. e4 Be7 6. g3 O-O 7. Bg2 Ne8 8. Nf3 g6
9. O-O Ng7 10. Ne1 f5 11. exf5 Nxf5 12. Nd3 Na6 13. Ne4 Rb8 14. a4 b6 15. b3 Nc7
16. Bb2 Ne8 17. Qe2 Neg7 18. f4 Nd4 19. Bxd4 exd4 20. g4 a6 21. b4 b5 22. Rac1
bxc4 23. Rxc4 a5 24. b5 Qd7 25. h3 Bb7 26. Qd2 Ne8 27. Nef2 Nf6 28. Qa2 Rbe8 29.
Rcc1 Bd8 30. Rce1 Bc7 31. Re6 Qf7 32. Rfe1 Bc8 33. g5 Nh5 34. Ng4 Kh8 35. Nh6
Qd7 36. f5 Ng7 37. Nf4 Nxf5 38. Nxf5 gxf5 39. Qf2 Qd8 40. Ng6+ Kg7 41. Nxf8 Rxf8
42. Re7+ Rf7 43. Re8 Qxg5 44. Rxc8 f4 45. Qf3 c4 46. Ree8 Kf6 47. Qe4 Qf5 48.
Qxd4+ Kg5 49. Qe4 Bb6+ 50. Kh2 f3 51. Rg8+ Kh5 52. Qxf5+ Rxf5 53. Bf1 Rxd5 54.
Rxc4 Rd1 55. Kg3 Bd4 56. Rxd4 Rxd4 57. b6 1-0

[Event "Ogolnopolska Olimpiada Mlodziezy C-14"]
[Site "Spala"]
[Date "1899-12-30"]
[Round "2.3"]
[White "Wyczling, Bartosz"]
[Black "Koziol, Kamil"]
[Result "1/2-1/2"]
[WhiteTitle "I"]
[BlackTitle "I++"]
[WhiteElo "1747"]
[BlackElo "2005"]

1. d4 c5 2. d5 e5 3. c4 d6 4. e4 Be7 5. Nf3 Bg4 6. Nbd2 Bg5 7. Be2 Bxf3 8. Nxf3
Bxc1 9. Qxc1 Nh6 10. O-O O-O 11. Bd3 Nd7 12. Qc2 Qe7 13. Rae1 Rae8 14. h3 f6 15.
Nh2 a6 16. a4 g6 17. Ng4 Nxg4 18. hxg4 Kg7 19. g3 Rh8 20. Kg2 g5 21. Rh1 Nf8 22.
Be2 Ng6 23. Rb1 a5 24. b3 Qd7 25. Qd2 Qc7 26. Qc2 Qd7 27. Qd2 Qc7 28. Qc2 Qd7
29. Qd2 1/2-1/2